Statistiques concernant 10 questions sur une ville française #1 : PARIS

Cliquez ici pour prendre le quiz!

Statistiques générales

  • Ce quiz a été pris 456 fois
  • Le résultat moyen est 7 sur 10

Statistiques - réponses

QuestionRéponse% Correct
Combien d'arrondissements compte-t-elle ?20
98%
Quel classement occupe-t-elle en termes d'habitants en France ?1ère
97%
Quel film d'animation raconte l'arrivée d'un rat à Paris ?Ratatouille
93%
Quel nom Paris portait-elle avant les années 300 ?Lutèce
87%
Qui était maire de Paris entre 1977 et 1995 ?Jacques Chirac
66%
Quelle est sa superficie ? (à 10 km² près)105,40 km²
55%
En quelle année Paris a-t-elle accueilli les Jeux Olympiques pour la première fois ?1900
51%
Comment se nomme l'équipe parisienne de rugby évoluant en top 14 ?Stade Français Paris
50%
Quel est le seul département français plus peuplé que Paris ?Le Nord
47%
Combien Paris compte-t-elle d'habitants ? (à 10 000 près)2 206 488
25%

Distribution des résultats

Percentile par nombre de réponses

% des personnes avec chaque résultat

Votre développement - résultats

Vous n’avez pas pris ce quiz